Superhero by Picture Blitz Quiz Stats

 Plays Quiz Updated Sep 19, 2018

Score 0/16 Timer 01:00
30 Plays Today
Superhero % Correct
The Incredible Hulk
97.9%
Superman
96.6%
Spider-Man
94.5%
Iron Man
89.9%
The Green Lantern
86.6%
The Flash
85.6%
The Thing
81.9%
Batman
77.8%
Superhero % Correct
Wonder Woman
77.5%
Aquaman
75.7%
Wolverine
75.5%
Captain America
70.8%
Daredevil
68.6%
Mister Fantastic
68.2%
Catwoman
66.1%
Hawkwoman
40.9%

You're not logged in!

Compare scores with friends on all Sporcle quizzes.
OR
Log In

Show Comments

Extras

Top Quizzes Today


Score Distribution

Your Account Isn't Verified!

In order to create a playlist on Sporcle, you need to verify the email address you used during registration. Go to your Sporcle Settings to finish the process.

Report this User

Report this user for behavior that violates our Community Guidelines.

Details: